LEADER 00971nam0-2200313---450- 001 990008243950403321 005 20051212124244.0 020 $aIT$b808827 035 $a000824395 035 $aFED01000824395 035 $a(Aleph)000824395FED01 035 $a000824395 100 $a20051212d1978----km-y0itay50------ba 101 0 $aita 102 $aIT 105 $ay-------001yy 200 1 $aRicerca sullo snellimento delle procedure di devoluzione delle quote d'imposta agli enti locali (DPR 26-10-1972, n. 638) 210 $aRoma$cFormez$d1978 215 $a197 p.$d24 cm 225 1 $aRicerche e studi Formez$v23 676 $a336$v18 710 02$aFormez$0424425 801 0$aIT$bUNINA$gRICA$2UNIMARC 901 $aBK 912 $a990008243950403321 952 $aF 362$bs.i.$fDSS 959 $aDSS 996 $aRicerca sullo snellimento delle procedure di devoluzione delle quote d'imposta agli enti locali (DPR 26-10-1972, n. 638$9737121 997 $aUNINA